000 01036nam a22002417a 4500
005 20240530110557.0
008 160321s2012 ua a g b 000 0 ara d
017 _a1433/4194
_bالسعودية . مكتبة الملك فهد الوطنية
020 _a9786035032889
040 _aEG-CaGPL
082 0 4 _221
_a303.4833\
_bب ث
100 1 _aبنكلر ، ياتشيا
245 1 0 _aثورة الشبكات :
_bكيف يغير الانتاج الاجتماعى الاسواق و الحرية /
_cتاليف ياتشيا بنكلر ؛ نقله الى العربية فريج سعيد العويضى .
250 _aط1.
260 _aالرياض :
_bالعبيكان للنشر ،
_c2012 .
300 _a672 ص ؛
_c24 سم .
650 0 4 _aالشبكات الالكترونية .
650 0 4 _aنظم المعلومات .
650 0 4 _aشبكات المكتبات و المعلومات .
700 0 _aفريج سعيد العويضى
_eمترجم .
942 _2ddc
_cBK
999 _c62590
_d62590